[Event "Revanche"]
[Site "http://www.queenalice.com/game.php?id=362034"]
[Date "2008.2.27"]
[Round "-"]
[White "viicgs"]
[Black "gomestrovao"]
[Result "0-1"]
[WhiteElo "1427"]
[BlackElo "1734"]

1. e4 e5 2. Nf3 Nc6 3. Nc3 Bc5 4. Bb5 Nf6 5. Bxc6 dxc6 6. Nxe5 Qe7 7. Nf3 Nxe4
8. Qe2 Bxf2+ 9. Kd1 Nxc3+ 10. bxc3 Qxe2+ 11. Kxe2 Bb6 12. Ba3 Be6 13. Ne5 O-O-O
14. Rhf1 f6 15. Nd3 Rhe8 16. Kd1 Bc4 17. Rf4 Bxd3 18. cxd3 Rxd3 19. Kc2 Red8 20.
Rd1 Be3 21. Rf3 Rxd2+ 22. Rxd2 Rxd2+ 23. Kb3 Re2 24. Rg3 g6 25. h4 Bf4 26. Rg4
Be5 27. Ra4 a6 28. g4 Rh2 29. g5 fxg5 30. hxg5 Rg2 31. Rh4 Rh2 32. Re4 Bd6 33.
Bxd6 cxd6 34. Re8+ Kc7 35. Re7+ Kb6 36. a4 a5 37. Ka3 d5 38. Kb3 Rh3 39. Rd7 Rh5
40. Re7 Rxg5 41. Rxh7 Rg2 42. Rh4 g5 43. Rd4 g4 44. Rd1 g3 45. Rc1 Rh2 46. Rg1
Rh3 47. Kc2 Kc5 48. Kb3 d4 49. Rg2 dxc3 50. Kxc3 b5 51. axb5 cxb5 52. Kb3 Kd4
53. Ra2 g2+ 54. Kc2 g1=Q 55. Rxa5 Qg2+ 0-1

[Event "AUTO-INT-826"]
[Site "http://www.queenalice.com/game.php?id=368935"]
[Date "2008.3.10"]
[Round "1"]
[White "SGF"]
[Black "viicgs"]
[Result "1/2-1/2"]
[WhiteElo "1611"]
[BlackElo "1422"]

1. e4 e5 2. d4 exd4 3. Qxd4 Nc6 4. Qe3 g6 5. Qc3 Nf6 6. g4 Bg7 7. g5 Nh5 8. Qb3
Nd4 9. Qd3 Ne6 10. Qf3 O-O 11. c3 Nxg5 12. Bxg5 Qxg5 13. h4 Qf4 14. Nd2 Bh6 15.
Qxf4 Bxf4 16. Nh3 Bxd2+ 17. Kxd2 d6 18. Re1 Bxh3 19. Bxh3 Nf4 20. Bf1 Rae8 21.
c4 Re5 22. Ke3 Ne6 23. Bg2 Nc5 24. f4 Re7 25. b4 Na4 26. h5 Nb2 27. c5 dxc5 28.
bxc5 Na4 29. hxg6 fxg6 30. Rc1 b6 31. cxb6 cxb6 32. Rc4 Nc5 33. Rhc1 Rfe8 34. e5
Kg7 35. a4 Nb3 36. R1c3 Na5 37. Rc7 h5 38. Bh3 Kf7 39. Rxe7+ Rxe7 40. e6+ Kf6
41. Ke4 Nb7 42. Rg3 Nd6+ 43. Kd5 Nf5 44. Bxf5 gxf5 45. Rh3 Rxe6 46. Rxh5 Re3 47.
Rh7 Rf3 48. Rxa7 Rxf4 49. Ra6 Rb4 50. a5 Rb5+ 51. Kd4 Rxa5 52. Rxb6+ Kg5 53. Ke3
f4+ 54. Kf2 Kg4 55. Rg6+ Rg5 56. Rf6 Rh5 57. Rg6+ Kf5 58. Rg1 Rh3 59. Rg8 f3 60.
Rf8+ Ke4 61. Re8+ Kf4 62. Rf8+ Kg4 63. Ke3 Rg3 64. Rg8+ Kh4 65. Rh8+ Kg4 66.
Rg8+ Kh3 67. Rh8+ Kg2 68. Rf8 Rh3 69. Rf4 Rg3 70. Rf5 Rh3 71. Rg5+ Rg3 72. Rf5
f2+ 73. Ke2 Re3+ 1/2-1/2

[Event "AUTO-INT-826"]
[Site "http://www.queenalice.com/game.php?id=368936"]
[Date "2008.3.10"]
[Round "1"]
[White "viicgs"]
[Black "SGF"]
[Result "0-1"]
[WhiteElo "1343"]
[BlackElo "1645"]

1. e4 e6 2. Nf3 Qf6 3. Nc3 Bb4 4. e5 Qf5 5. Bd3 Qg4 6. O-O h5 7. h3 Qf4 8. Be2
Bxc3 9. bxc3 h4 10. d3 Qf5 11. d4 Nc6 12. Bd3 Qh5 13. Bg5 f6 14. Bxh4 g5 15. Bg3
fxe5 16. Nxe5 Nxe5 17. Bxe5 Qxd1 18. Raxd1 Rh6 19. Bxc7 d5 20. Be5 Bd7 21. c4
dxc4 22. Bxc4 Rc8 23. Bd3 Rc3 24. d5 Ra3 25. Bc4 a6 26. Bd6 Rc3 27. Bd3 exd5 28.
Rfe1+ Kd8 29. Bb4 Rc7 30. Ba5 b6 31. Bd2 Rh5 32. f4 g4 33. Be2 Rh4 34. c4 gxh3
35. gxh3 Rxh3 36. cxd5 Rc2 37. Bxa6 Bg4 38. Be2 Bxe2 39. Rxe2 Rxa2 40. Re3 Rxd2
41. Rxh3 Rxd1+ 42. Kf2 Nf6 43. Rh8+ Ke7 44. Rb8 Nxd5 45. Kf3 Rf1+ 0-1

[Event "AUTO-INT-826"]
[Site "http://www.queenalice.com/game.php?id=368947"]
[Date "2008.3.10"]
[Round "1"]
[White "chesplayer"]
[Black "viicgs"]
[Result "1-0"]
[WhiteElo "1654"]
[BlackElo "1431"]

1. e4 e5 2. Nf3 Nf6 3. Nc3 Nc6 4. Bb5 d6 5. d4 Bd7 6. d5 Nb4 7. Bxd7+ Qxd7 8.
O-O O-O-O 9. Bg5 Be7 10. a3 Na6 11. Bxf6 Bxf6 12. g3 Nc5 13. b4 Na4 14. Nxa4
Qxa4 15. c4 Qxd1 16. Raxd1 h5 17. c5 Be7 18. c6 bxc6 19. dxc6 Rh6 20. Rd5 Rf6
21. Ng5 g6 22. Ra5 Kb8 23. Nh7 Rf3 24. Kg2 Rd3 25. Rb5+ Ka8 26. a4 Rb8 27. Rxb8+
Kxb8 28. Ra1 Rd4 29. b5 Rxe4 30. Kf3 Rb4 31. Ke3 Rb2 32. h4 d5 33. Ng5 Bxg5+ 34.
hxg5 Rc2 35. f4 exf4+ 36. Kxf4 d4 37. Ra3 Kc8 38. Rd3 Rc4 39. a5 Rb4 40. Ke5
Rxb5+ 41. Kxd4 Rxa5 42. Rf3 Rxg5 43. Rxf7 Rxg3 44. Rf8# 1-0

[Event "AUTO-INT-826"]
[Site "http://www.queenalice.com/game.php?id=368948"]
[Date "2008.3.10"]
[Round "1"]
[White "viicgs"]
[Black "chesplayer"]
[Result "1-0"]
[WhiteElo "1423"]
[BlackElo "1684"]

1. e4 e5 2. Nf3 Nc6 3. Nc3 Bb4 4. Bb5 Bxc3 5. bxc3 Qf6 6. O-O Nge7 7. d3 O-O 8.
Ba3 Re8 9. Bxc6 Nxc6 10. c4 d6 11. Rb1 Nd4 12. Nxd4 exd4 13. Rb3 Qg6 14. Qf3 Bg4
15. Qg3 Be2 16. Qxg6 hxg6 17. Re1 Bh5 18. c3 dxc3 19. Rxc3 f5 20. h3 fxe4 21.
Rxe4 Rxe4 22. dxe4 g5 23. Rg3 Re8 24. f3 Re5 25. Bc1 Rc5 26. Be3 Rxc4 27. Rxg5
Bf7 28. Ra5 a6 29. Kh2 Rc2 30. a3 Re2 31. Bf4 Bh5 32. Rxh5 Kf7 33. Rh8 Ke6 34.
Rc8 c5 35. Rc7 Rb2 36. Rxg7 c4 37. Rg6+ Kf7 38. Rxd6 c3 39. Rd7+ Ke8 40. Rc7 Rb3
41. a4 Ra3 42. Rxb7 Rxa4 43. h4 Rc4 44. h5 Rc6 45. h6 Kf8 46. h7 Rg6 47. h8=Q+
Rg8 48. Bh6+ Ke8 49. Qxg8# 1-0

[Event "AUTO-INT-826"]
[Site "http://www.queenalice.com/game.php?id=368955"]
[Date "2008.3.10"]
[Round "1"]
[White "viicgs"]
[Black "stuge"]
[Result "1-0"]
[WhiteElo "1336"]
[BlackElo "1459"]

1. e4 e5 2. Nf3 d6 3. Nc3 Nc6 4. d3 Nf6 5. Be2 d5 6. exd5 Nxd5 7. Nxd5 Qxd5 8.
O-O Bg4 9. c4 Qa5 10. b3 Bb4 11. Bd2 Nd4 12. Nxd4 Bxe2 13. Nxe2 Bxd2 14. a3 Bc3
15. Nxc3 Qxc3 16. h3 Rd8 17. Qf3 Qxb3 18. Rfb1 Qxd3 19. Qxd3 Rxd3 20. Rxb7 O-O
21. Rxc7 a5 22. Rb7 Rfd8 23. Kh2 Rd1 24. Rxd1 Rxd1 25. Rb8+ 1-0

[Event "AUTO-INT-826"]
[Site "http://www.queenalice.com/game.php?id=368956"]
[Date "2008.3.10"]
[Round "1"]
[White "stuge"]
[Black "viicgs"]
[Result "0-1"]
[WhiteElo "1459"]
[BlackElo "1390"]

1. e4 e5 2. c3 Nf6 3. Bd3 Nc6 4. Nf3 Bc5 5. O-O O-O 6. Bb5 Nxe4 7. d4 Bd6 8. Re1
Nf6 9. Bg5 h6 10. dxe5 Nxe5 11. Nxe5 Bxe5 12. Rxe5 hxg5 13. Re3 c6 14. Bd3 d5
15. Rh3 Bxh3 16. gxh3 Qd7 17. Qf1 g4 18. hxg4 Qxg4+ 19. Kh1 Rfe8 20. h3 Qf3+ 21.
Kg1 Ne4 22. Bxe4 dxe4 23. Nd2 Qf5 24. Re1 Qg5+ 25. Kh1 Qxd2 0-1

[Event "AUTO-BEG-194"]
[Site "http://www.queenalice.com/game.php?id=369598"]
[Date "2008.3.12"]
[Round "1"]
[White "viicgs"]
[Black "erdnaxela"]
[Result "1-0"]
[WhiteElo "1416"]
[BlackElo "1222"]

1. e4 e5 2. Nf3 Nc6 3. Nc3 Bb4 4. Bb5 Bxc3 5. bxc3 Qf6 6. d3 a6 7. Bxc6 Qxc6 8.
Bb2 d6 9. O-O Bg4 10. h3 Bxf3 11. Qxf3 f6 12. Qg3 g5 13. d4 d5 14. exd5 Qxd5 15.
dxe5 fxe5 16. c4 Qc5 17. Bxe5 Nf6 18. Bxf6 h6 19. Bxh8 Qxc4 20. Qf3 Kd7 21. Qf5+
Kc6 22. Qf6+ Kd7 23. Rad1+ Ke8 24. Rfe1+ 1-0

[Event "AUTO-BEG-194"]
[Site "http://www.queenalice.com/game.php?id=369599"]
[Date "2008.3.12"]
[Round "1"]
[White "erdnaxela"]
[Black "viicgs"]
[Result "1-0"]
[WhiteElo "1543"]
[BlackElo "1396"]

1. e4 e5 2. Nf3 Nf6 3. Nc3 Nc6 4. Bb5 Bb4 5. Bxc6 bxc6 6. Nxe5 Qe7 7. d4 Bxc3+
8. bxc3 Nxe4 9. Qf3 Nf6 10. Bg5 d6 11. Bxf6 Qxf6 12. Nxc6 Qxf3 13. gxf3 Bb7 14.
d5 Bxc6 15. dxc6 O-O 16. Rb1 a5 17. Rb7 Rfc8 18. Rg1 Ra6 19. Rb5 Rxc6 20. Kd2 a4
21. Rgb1 g6 22. Ra5 Rc5 23. Rxa4 Rf5 24. f4 Rh5 25. Rh1 Rh4 26. Ke3 Re8+ 27. Kd3
Re6 28. c4 Rxf4 29. Ra8+ Kg7 30. Rf1 Ree4 31. Ra4 d5 32. Kc3 Rxc4+ 33. Rxc4
Rxc4+ 34. Kb3 Rh4 35. Rh1 c5 36. a4 c4+ 37. Kb4 Kf6 38. a5 Re4 39. a6 c3+ 40.
Kb5 Re2 41. a7 Rxc2 42. a8=Q Rb2+ 43. Kc5 c2 44. Qa1 c1=Q+ 45. Rxc1 1-0

[Event "AUTO-BEG-194"]
[Site "http://www.queenalice.com/game.php?id=369600"]
[Date "2008.3.12"]
[Round "1"]
[White "viicgs"]
[Black "camilleetgeorges"]
[Result "1-0"]
[WhiteElo "1295"]
[BlackElo "1512"]

1. e4 e6 2. Nf3 d5 3. Nc3 a6 4. exd5 exd5 5. Bd3 Be7 6. Qe2 Nf6 7. O-O O-O 8.
Ng5 g6 9. b3 c6 10. Bb2 Nbd7 11. a4 Nh5 12. h3 Bxg5 13. Ba3 Re8 14. Qf3 Ne5 15.
Qd1 Nxd3 16. cxd3 Bf6 17. Re1 Ng7 18. Rxe8+ Qxe8 19. Qf3 Bxc3 20. dxc3 Bd7 21.
Bb2 Bf5 22. c4 Bxd3 23. Qxd3 dxc4 24. Qd4 Qf8 25. Qxc4 Ne6 26. Qc3 Qg7 27. Qxg7+
Nxg7 28. Bxg7 Kxg7 29. Rd1 b5 30. Rc1 bxa4 31. bxa4 Rc8 32. Kh2 c5 33. Kg3 Rc6
34. Kf4 f6 35. Ke4 Kf7 36. Kd5 Rc8 37. Rxc5 1-0

[Event "AUTO-BEG-194"]
[Site "http://www.queenalice.com/game.php?id=369601"]
[Date "2008.3.12"]
[Round "1"]
[White "camilleetgeorges"]
[Black "viicgs"]
[Result "1/2-1/2"]
[WhiteElo "1564"]
[BlackElo "1379"]

1. Nf3 Nc6 2. c4 e5 3. Nc3 Bb4 4. e4 Bxc3 5. dxc3 Nf6 6. Bd3 O-O 7. Bg5 d6 8.
O-O Bg4 9. h3 Bxf3 10. Qxf3 a5 11. Bxf6 Qxf6 12. Qxf6 gxf6 13. f4 a4 14. f5 a3
15. b3 Ne7 16. g4 c6 17. Kh2 Ra5 18. Rf3 b5 19. b4 Raa8 20. cxb5 cxb5 21. Bxb5
Rac8 22. c4 Nc6 23. Bxc6 Rxc6 24. Rc3 Rb8 25. b5 Rc5 26. Rac1 Ra8 27. Rb3 Ra4
28. Rbc3 Kg7 29. Kg3 Kf8 30. Kf3 Ke7 31. b6 Rb4 32. Rxa3 Rxb6 33. Rb3 Ra6 34. a3
Ra4 35. Ke3 Rcxc4 36. Rxc4 Rxc4 37. Kd3 Ra4 38. Rb7+ Ke8 39. Rb8+ Ke7 40. Rb7+
Ke8 41. Rb8+ Kd7 42. Rb7+ Kc6 43. Rb3 Kc5 44. Rc3+ Kb5 45. Rb3+ Kc5 46. Rc3+ Kb5
47. Rb3+ Kc5 1/2-1/2

[Event "PRIMOS"]
[Site "http://www.queenalice.com/game.php?id=386768"]
[Date "2008.4.13"]
[Round "-"]
[White "viicgs"]
[Black "IrineuFilho"]
[Result "0-1"]
[WhiteElo "1452"]
[BlackElo "1546"]

1. e4 d5 2. Nc3 Nf6 3. d3 d4 4. Nce2 e5 5. Nf3 Nc6 6. c3 Bg4 7. cxd4 Bxf3 8.
dxe5 Bxe2 9. Bxe2 Nxe5 10. O-O Bd6 11. Bg5 O-O 12. Bxf6 Qxf6 13. Qb3 Qh6 14. Qd5
Nxd3 15. h3 Nf4 16. Qxb7 Nxe2+ 17. Kh1 Qf4 18. g3 Qf3+ 19. Kh2 Nxg3 20. Rg1 Ne2+
21. Rg3 Qxf2+ 22. Kh1 Nxg3# 0-1

[Event "Trovao x Trovaozinho"]
[Site "http://www.queenalice.com/game.php?id=396918"]
[Date "2008.5.2"]
[Round "-"]
[White "gomestrovao"]
[Black "viicgs"]
[Result "1-0"]
[WhiteElo "1788"]
[BlackElo "1416"]

1. e4 e5 2. Bc4 Nf6 3. Nc3 Bb4 4. Nd5 Nxd5 5. Bxd5 O-O 6. Nf3 d6 7. a3 Bc5 8. c3
Bd7 9. d4 Bb6 10. O-O Nc6 11. Be3 exd4 12. Nxd4 Nxd4 13. Bxd4 Bxd4 14. Qxd4 Qg5
15. Kh1 c6 16. Bb3 c5 17. Qxd6 Rad8 18. Qg3 Qxg3 19. hxg3 Bb5 20. Rfd1 Rxd1+ 21.
Rxd1 1-0